Sprachgebrauch der tschechischen Rechtsradikalen

Rétorika českej strany Sloboda a priama demokracia. Lexikálne a štylistické prostriedky SPD a jej členov v komunikácii so svojimi voličmi a sympatizantmi. Úvahy sú založené na hypotéze, že lingvistickou analýzou je možné potvrdenie radikálneho alebo extrémistickeho smerovania strany.

Saved in:
Bibliographic Details
Main Author: Seresová, Katarína, 1967-
Format: Book Chapter
Language:German
Subjects:
Tags: Add Tag
No Tags, Be the first to tag this record!

MARC

LEADER 00000naa$a2200000$$$4500
001 0246413
005 20240502083658.0
041 0 |a ger 
044 |a DE 
245 1 0 |a Sprachgebrauch der tschechischen Rechtsradikalen 
520 |a Rétorika českej strany Sloboda a priama demokracia. Lexikálne a štylistické prostriedky SPD a jej členov v komunikácii so svojimi voličmi a sympatizantmi. Úvahy sú založené na hypotéze, že lingvistickou analýzou je možné potvrdenie radikálneho alebo extrémistickeho smerovania strany. 
610 2 0 |a jazykoveda 
610 2 0 |a rétorika 
610 2 0 |a strany politické 
610 2 0 |a extrémizmus 
610 2 0 |a voľby 
610 2 0 |a kampane volebné 
610 2 0 |a Česko 
100 1 |a Seresová, Katarína, 1967-